Vitruvius The Ten Books On Architecture (Record no. 10401)

000 -LEADER
fixed length control field 00396nam a2200169Ia 4500
003 - CONTROL NUMBER IDENTIFIER
control field OSt
005 - DATE AND TIME OF LATEST TRANSACTION
control field 20220316170845.0
008 - FIXED-LENGTH DATA ELEMENTS--GENERAL INFORMATION
fixed length control field 220308s9999 xx 000 0 und d
020 ## - INTERNATIONAL STANDARD BOOK NUMBER
International Standard Book Number 9780486206455
082 ## - DEWEY DECIMAL CLASSIFICATION NUMBER
Classification number 720
100 ## - MAIN ENTRY--PERSONAL NAME
Personal name Vitruvius
245 #0 - TITLE STATEMENT
Title Vitruvius The Ten Books On Architecture
260 ## - PUBLICATION, DISTRIBUTION, ETC. (IMPRINT)
Name of publisher, distributor, etc  ‎ Dover Publications Inc. 
365 ## - TRADE PRICE
Price type code USD
365 ## - TRADE PRICE
Unit of pricing 12.95
942 ## - ADDED ENTRY ELEMENTS (KOHA)
Source of classification or shelving scheme
Holdings
Withdrawn status Lost status Source of classification or shelving scheme Damaged status Koha normalized classification for sorting Not for loan Permanent location Current location Date acquired Source of acquisition Cost, normal purchase price Total Checkouts Full call number Barcode Date last seen Date last borrowed Cost, replacement price Price effective from Koha item type
        720_000000000000000   BMS College of Architecture, Design and Planning BMS College of Architecture, Design and Planning 2022-03-16 1 713.41 2 720 AR-UG2568 2024-09-13 2023-11-07 1019.16 2022-03-16 UG Books
Copyright © 2025, The Librarian, Library and Information Centre, BMSCA D&P, Bengaluru. All Rights Reserved
web counter

Powered by Koha